[Event "New York Winter Invitational GM-A 2022"]
[Site "New York"]
[Date "2022.01.16"]
[Round "5.1"]
[White "Li, Eric"]
[Black "Nagy, Gabor"]
[Result "1/2-1/2"]
[WhiteElo "2341"]
[BlackElo "2527"]
[Annotator "TA"]
[PlyCount "39"]
[EventDate "2022.01.11"]
[EventType "tourn"]
[EventCountry "USA"]
[SourceTitle "playchess.com"]
[Source "ChessBase"]
[SourceQuality "1"]

{[%evp 17,39,0,2,6,0,11,4,0,0,6,52,51,56,52,60,50,61,40,51,60,60,27,62,56]} 1. d4 Nf6 2. c4 e6 3. Nf3 b6 4. g3 Bb7 5. Bg2 Bb4+ 6. Nbd2 O-O 7. O-O d5 8. a3 Be7 9. cxd5 $1 {The main line 9.cxd5 scores better than 9.b4.} exd5 10. b3 {E16: Queen's Indian: 4 g3 Bb7 5 Bg2 Bb4+.} Nbd7 11. Bb2 Bd6 12. Ne5 {[%cal Od2c4] The position is equal.} Re8 {[%cal Rd7e5]} 13. Ndc4 {[#]} Ne4 $146 (13... Bf8 $11 {deserves consideration.}) ({Predecessor:} 13... Bf8 14. Rc1 Rc8 15. Nd2 Qe7 16. Bh3 c5 17. e3 Rcd8 18. Qc2 Nxe5 19. dxe5 Ne4 {½-½ (28) Pineda,U (2179)-Depasse,J (2341) ICCF email 2018}) 14. Nxd6 $14 cxd6 15. Nd3 Ndf6 16. Rc1 Qd7 17. Rc2 a5 18. f3 Ng5 19. Qd2 Ne6 20. Rb1 {Weighted Error Value: White=0.06 (flawless) /Black=0.13 (very precise)} 1/2-1/2

[Event "New York Winter Invitational GM-A 2022"]
[Site "New York"]
[Date "2022.01.16"]
[Round "5.2"]
[White "Schitco, Ivan"]
[Black "Daggupati, Balaji"]
[Result "1/2-1/2"]
[WhiteElo "2486"]
[BlackElo "2442"]
[Annotator "TA"]
[PlyCount "31"]
[EventDate "2022.01.11"]
[EventType "tourn"]
[EventCountry "USA"]
[SourceTitle "playchess.com"]
[Source "ChessBase"]
[SourceQuality "1"]

{[%evp 9,31,24,23,24,50,41,43,50,47,33,52,45,39,25,30,38,46,14,48,45,45,55,81,86]} 1. c4 e5 2. g3 d6 3. Nc3 f5 4. d4 Be7 5. Bh3 exd4 6. Qxd4 {A21: English Opening: 1...e5 2 Nc3.} Nc6 7. Qd2 ({Don't blunder} 7. Qxg7 $2 Bf6 8. Bg5 Bxg7 $19) 7... Nf6 8. Bg2 {White is slightly better.} O-O 9. b3 Ne5 10. Bb2 c6 11. Nf3 Qe8 {[#]} 12. O-O $146 ({Predecessor:} 12. e3 a6 13. Qe2 b5 14. O-O Rb8 15. Rad1 Nxf3+ 16. Bxf3 Be6 17. cxb5 axb5 18. Qc2 {½-½ (47) Ranaldi,L (2296)-Pavlovic,M (2480) Stockholm 2019}) 12... Qh5 {[%cal Of5f4]} 13. c5 Nf7 (13... f4 $5) 14. cxd6 $1 Bxd6 {[%cal Of5f4]} 15. e3 $1 {Inhibits f4.} Bc7 16. Ne2 {Weighted Error Value: White=0.06 (flawless) /Black=0.09 (flawless)} 1/2-1/2

[Event "New York Winter Invitational GM-A 2022"]
[Site "New York"]
[Date "2022.01.15"]
[Round "5.3"]
[White "Shlyakhtenko, Robert"]
[Black "Wang, Kevin"]
[Result "*"]
[WhiteElo "2383"]
[BlackElo "2387"]
[Annotator "TA"]
[PlyCount "37"]
[EventDate "2022.01.11"]
[EventType "tourn"]
[EventCountry "USA"]
[SourceTitle "playchess.com"]
[Source "ChessBase"]
[SourceQuality "1"]

{[%evp 12,24,22,16,20,20,22,27,29,18,18,11,19,12,19]} 1. d4 d5 2. c4 e6 3. Nc3 Bb4 4. Nf3 Nf6 5. cxd5 exd5 6. Bg5 h6 7. Bh4 O-O {D38: Queen's Gambit Declined: Ragozin Defence (4 Nf3 Bb4).} 8. e3 Bf5 9. Qb3 Bxc3+ 10. Qxc3 Nbd7 {The position is equal.} 11. Nd2 Rc8 12. Be2 Ne4 {[#] Not much happened in this game.  Weighted Error Value: White=0.02 (flawless) /Black=0.01 (flawless)} {Predecessor:} 13. Bxd8 $146 Nxc3 14. bxc3 Rfxd8 15. Nf1 c5 16. Ng3 Bg6 17. Kd2 Rc6 18. f4 f6 19. f5 {½-½ (45) Skoberne,J (2567)-Brkic,A (2600) Batumi 2019} *

[Event "New York Winter Invitational GM-A 2022"]
[Site "New York"]
[Date "2022.01.16"]
[Round "5.4"]
[White "Liang, Jason"]
[Black "Rozman, Levy"]
[Result "1-0"]
[WhiteElo "2410"]
[BlackElo "2346"]
[Annotator "TA"]
[PlyCount "63"]
[EventDate "2022.01.11"]
[EventType "tourn"]
[EventCountry "USA"]
[SourceTitle "playchess.com"]
[Source "ChessBase"]
[SourceQuality "1"]

{[%evp 16,63,47,50,48,53,59,27,58,34,34,27,41,23,37,29,65,53,78,84,115,108,118,104,118,114,131,128,124,114,150,138,158,167,145,131,157,142,142,142,164,164,164,164,189,164,157,121,539,476]} 1. e4 e6 2. d4 d5 3. Nc3 Bb4 4. e5 c5 5. a3 Bxc3+ 6. bxc3 Nc6 7. Qg4 g6 8. Nf3 Qa5 9. Bd2 Qa4 {C18: French: 3 Nc3 Bb4: Main line: 7 h4 and 7 Qg4.} 10. Be2 Bd7 11. Qf4 c4 {White has an edge.} 12. Ra2 h6 (12... Nge7 13. Qf6 Rf8 14. Ng5 $16) 13. h4 Rh7 14. Nh2 {[%cal Bf3h2,Bh2g4,Bg4f6][%mdl 32]} O-O-O {[%cal Og6g5]} 15. O-O {[#]} Nge7 $146 {[%cal Og6g5]} ({Predecessor:} 15... Rf8 16. Ng4 Qa5 17. Re1 Qd8 18. Nf6 g5 19. hxg5 hxg5 20. Qxg5 Nxf6 21. Qxf6 Qb6 {½-½ (72) Muzychuk,A (2533)-Rajlich,I (2465) Ohrid 2009}) 16. Ng4 g5 17. Qh2 (17. hxg5 hxg5 18. Qf3 (18. Qxg5 Rdh8 $11) 18... Rdh8 $11) 17... gxh4 18. Nf6 ({Much weaker is} 18. Bxh6 $6 h3 $11) 18... Rg7 19. Qxh4 ({But not} 19. Bxh6 Rg6 20. Bf4 (20. Qxh4 $2 Rh8 $19) 20... Nf5 $14) 19... Nf5 20. Qf4 h5 21. Bxh5 Rh8 22. g4 {Active counter play!} Nce7 23. f3 Qa5 24. Kf2 Nh6 25. Qe3 Bc6 26. Rh1 Nhg8 27. Qe1 {[%cal Oh5f7] [#] Hoping for Bxf7!} Ng6 28. Bg5 Nf8 29. Qd2 a6 30. Raa1 Qa4 31. Nxg8 Rgxg8 {[%mdl 8192] [#]} (31... Rhxg8 $16 {is a better chance.} 32. Be7 Rh7) 32. Bxf7 {Weighted Error Value: White=0.08 (flawless) /Black=0.36} 1-0

[Event "New York Winter Invitational GM-A 2022"]
[Site "New York"]
[Date "2022.01.16"]
[Round "5.5"]
[White "Theodorou, Nikolas"]
[Black "Khamrakulov, Djurabek"]
[Result "1/2-1/2"]
[WhiteElo "2577"]
[BlackElo "2515"]
[Annotator "TA"]
[PlyCount "81"]
[EventDate "2022.01.11"]
[EventType "tourn"]
[EventCountry "USA"]
[SourceTitle "playchess.com"]
[Source "ChessBase"]
[SourceQuality "1"]

{[%evp 11,81,28,30,19,25,0,31,41,23,23,53,13,13,6,3,12,21,0,0,0,0,0,13,0,0,0,0,0,0,0,0,0,0,0,0,0,0,0,0,-38,-25,-29,-19,-24,-24,-27,0,-38,-30,-73,-76,-87,0,0,0,0,0,0,0,0,0,-33,0,0,0,0,0,0,0,0,0,77]} 1. d4 d5 2. c4 dxc4 3. Nf3 Nf6 4. e3 e6 5. Bxc4 c5 6. O-O Nc6 7. Nc3 {D26: Queen's Gambit Accepted: 4 e3 e6 5 Bxc5 c5 sidelines.} a6 8. Ne5 cxd4 9. Nxc6 {White is slightly better.} bxc6 10. exd4 Be7 {[#]} 11. b3 $146 ({Predecessor:} 11. Bf4 O-O 12. Rc1 Nd5 13. Be5 a5 14. Na4 Ba6 15. Bxa6 Rxa6 16. Qg4 Bf6 17. Qe2 {½-½ (40) Lebredo Zaragoitia,G (2139)-Urquiza,M (2018) Rio de Janeiro 2018}) 11... a5 12. Bg5 O-O 13. Na4 h6 14. Bh4 (14. Bf4 {is interesting.} Nd5 15. Be5 Ba3 16. Re1 Qe7 17. Qe2) 14... Ba6 15. Bxa6 Rxa6 16. Rc1 Qd5 17. Qe2 Qb5 18. Rc4 Rd8 19. Nc3 Qb7 20. Rc1 Nd5 21. Bxe7 Nxe7 22. Ne4 {Black must now prevent Nc5.} Raa8 23. Nd2 Qb5 {[%cal Od8d4]} 24. Nf3 a4 25. bxa4 Rxa4 26. h3 Rda8 27. Rxa4 Rxa4 28. Qc2 Rb4 (28... f6 {keeps more tension.} 29. Rb1 Qc4 30. Qe4 Rxa2 31. Rb8+ Kf7) 29. Ra1 Qa4 30. Qc5 {[#]} (30. Qd2 $11) 30... Nf5 $1 $17 {[%cal Be7f5,Bf5d4,Bd4e2,Be2c1][%mdl 32]} 31. a3 {[#]} Rc4 ({Better is} 31... Rb5 $1 $17 {[%cal Rb5c5]} 32. Qc3 Rd5) 32. Qb6 $11 Nxd4 33. Ne5 $36 {[%mdl 2048] White fights for an advantage.} Ne2+ 34. Kf1 Rc2 {...Nf4 is the strong threat.} (34... Rc1+ $2 35. Rxc1 Nxc1 36. Qb8+ Kh7 37. Qb1+ Kg8 38. Qxc1 $18) 35. Qd8+ Kh7 {Hoping for ...Nd4.} 36. Nd7 {Threatening mate with Nf8+.} Rc1+ (36... h5 $5 {[%cal Re2g3]} 37. Nf8+ Kh6 $17) 37. Rxc1 {The position is equal.} Nxc1 {[%cal Ra4d1]} 38. Nf8+ Kg8 39. Nxe6+ Kh7 40. Nf8+ Kg8 (40... Kh8 $11) 41. Ng6+ {Weighted Error Value: White=0.08 (flawless) /Black=0.07 (flawless)} 1/2-1/2

[Event "New York Winter Invitational GM-A 2022"]
[Site "New York"]
[Date "2022.01.16"]
[Round "6.1"]
[White "Nagy, Gabor"]
[Black "Khamrakulov, Djurabek"]
[Result "1/2-1/2"]
[WhiteElo "2527"]
[BlackElo "2515"]
[Annotator "TA"]
[PlyCount "34"]
[EventDate "2022.01.11"]
[EventType "tourn"]
[EventCountry "USA"]
[SourceTitle "playchess.com"]
[Source "ChessBase"]
[SourceQuality "1"]

{[%evp 12,14,25,12,14]} 1. d4 d5 2. Nf3 Nf6 3. c4 dxc4 4. e3 e6 5. Bxc4 a6 6. O-O c5 7. dxc5 {Threatens to win with Qxd8+. 7.Re1 is the recent fashion.} Qxd1 {[#] An interesting draw. D27: Queen's Gambit Accepted: Classical main line: 7 e4!? and 7 a4.} {Predecessor:} 8. Rxd1 $146 Bxc5 9. Nbd2 O-O 10. b3 Nc6 11. Bb2 Rd8 12. Be2 Bd7 13. Rac1 Be7 14. Nc4 Be8 15. g3 Rxd1+ 16. Rxd1 Rd8 17. Rxd8 Nxd8 {½-½ (43) Le,Q (2709)-Aronian,L (2782) Kolkata 2021} 1/2-1/2

[Event "New York Winter Invitational GM-A 2022"]
[Site "New York"]
[Date "2022.01.16"]
[Round "6.2"]
[White "Rozman, Levy"]
[Black "Theodorou, Nikolas"]
[Result "1/2-1/2"]
[WhiteElo "2346"]
[BlackElo "2577"]
[Annotator "TA"]
[PlyCount "111"]
[EventDate "2022.01.11"]
[EventType "tourn"]
[EventCountry "USA"]
[SourceTitle "playchess.com"]
[Source "ChessBase"]
[SourceQuality "1"]

{[%evp 9,111,-12,9,0,5,12,7,0,8,-15,0,0,-3,0,15,15,15,14,22,15,15,15,15,16,20,16,13,16,18,8,6,8,12,0,0,-20,-20,-20,-20,-51,-51,-49,-51,-64,-61,-68,-47,-49,-49,-52,-53,-54,-18,-18,-18,-74,-26,-51,-51,-74,-33,-54,-16,-31,-27,-49,-49,-56,-52,-101,-101,-101,-101,-103,-104,-129,-129,-133,-133,-583,-464,-1363,-1355,-1236,-8,-8,-8,-8,-8,-8,-8,-8,-8,-8,-8,-8,0,0,0,-8,-8,-8,-8,-8]} 1. d4 Nf6 2. Nc3 d5 3. Bf4 g6 4. e3 Bg7 5. h4 h5 6. Qd2 {D00: 1 d4 d5: Unusual lines.} O-O {[%cal Oc7c5]} 7. Nf3 c5 8. Ne5 Nc6 {[#]} 9. Bb5 $146 ({Predecessor:} 9. f3 Bf5 10. dxc5 Qa5 11. Bb5 Nxe5 12. Bxe5 a6 13. Bd3 Bxd3 14. Qxd3 Qxc5 15. O-O-O {0-1 (32) Alonso Rosell,A (2570)-Ivic,V (2606) Warsaw 2021}) 9... Nxe5 10. dxe5 Ng4 {With the idea ...e6.} 11. Nxd5 e6 12. Nf6+ Nxf6 13. Qxd8 (13. exf6 Qxf6 14. c3 e5 $11) 13... Rxd8 14. Bg5 {[%mdl 64] Pin} ({Much weaker is} 14. exf6 Bxf6 15. c3 a6 $15) 14... Bd7 15. exf6 {Black must now prevent Bxd7.} Bxb5 16. fxg7 Re8 17. O-O-O Kxg7 18. e4 f6 19. Be3 b6 20. e5 fxe5 21. Bg5 {Prevents Rad8.} Rf8 22. Rd2 Bc6 23. Re1 Bxg2 24. Rxe5 Bd5 25. b3 c4 26. bxc4 Bxc4 27. Rd7+ Rf7 (27... Kg8 {seems wilder.} 28. a4 Bd5 29. Re2 a6 30. Rd2 Rac8) 28. Rxf7+ Kxf7 $15 {[%mdl 4096] Endgame KRB-KRB} 29. Kb2 Bd5 30. Re3 Rb8 31. Rc3 Rb7 32. Bf4 (32. f4 $11) 32... Re7 (32... Kf6 $17) 33. Re3 Rd7 34. Rc3 b5 (34... Kf6 $17) 35. a3 Rb7 36. Bg5 e5 37. Rc8 Ke6 38. Re8+ Kf5 39. Re7 (39. Rc8 $15) 39... Rxe7 $17 40. Bxe7 {KB-KB} Kg4 41. Bg5 Kf3 42. Be3 a5 43. Kc3 Ke2 44. Bb6 $2 {[%mdl 8192] [#]} (44. Kb2 $17) 44... g5 $1 $19 45. hxg5 (45. Bd8 $142 g4 46. Bb6) 45... h4 {...h3 is the strong threat.} 46. Bc7 {[#]} e4 $2 (46... b4+ $1 $19 47. axb4 axb4+ 48. Kxb4 e4) 47. Kd4 $11 {The position is equal.} Bf7 48. Kxe4 h3 49. c3 Kxf2 50. Kd4 a4 51. Kc5 Bc4 52. g6 Ke3 53. g7 Kd3 54. g8=Q Bxg8 55. Kxb5 Kxc3 {Threatens to win with ...Kb3.} 56. Kxa4 {Weighted Error Value: White=0.34/Black=0.14 (very precise)} 1/2-1/2

[Event "New York Winter Invitational GM-A 2022"]
[Site "New York"]
[Date "2022.01.16"]
[Round "6.3"]
[White "Wang, Kevin"]
[Black "Liang, Jason"]
[Result "1/2-1/2"]
[WhiteElo "2387"]
[BlackElo "2410"]
[Annotator "TA"]
[PlyCount "63"]
[EventDate "2022.01.11"]
[EventType "tourn"]
[EventCountry "USA"]
[SourceTitle "playchess.com"]
[Source "ChessBase"]
[SourceQuality "1"]

{[%evp 9,63,22,21,18,27,15,26,44,15,15,33,12,27,22,30,22,17,7,11,7,34,29,31,16,12,0,0,0,4,5,10,14,15,0,0,0,0,0,0,0,0,-15,-25,-20,-4,-6,0,0,5,0,0,0,0,0,0,0]} 1. d4 d5 2. c4 e6 {[%cal Be7e6,Be6d5][%mdl 32]} 3. Nc3 a6 4. cxd5 exd5 5. Nf3 c6 6. e4 {D31: Queen's Gambit Declined: Semi-Slav without ...Nf6 (+ Marshall Gambit and Noteboom) and Exchange Variation lines without ...Nf6.} dxe4 7. Ng5 Be7 {[#]} 8. Bc4 $1 {[%cal Bf1c4,Bc4b3,Bb3d5][%mdl 32] White has an edge.} Nh6 9. Ngxe4 {Hoping for Bxh6.} Nf5 10. d5 O-O 11. O-O b5 12. Bb3 {[#] Black should prevent Bf4.} b4 $146 ({Predecessor:} 12... cxd5 13. Nxd5 Be6 14. Bf4 Ra7 15. Re1 Bxd5 16. Qxd5 Nd4 17. Qh5 Nxb3 18. axb3 Nc6 {0-1 (44) Dardha,D (2487)-Warmerdam,M (2506) Bassano del Grappa 2020}) 13. Na4 {aiming for Bf4.} cxd5 $1 14. Qxd5 Qxd5 15. Bxd5 Ra7 16. Bf4 Bd7 17. Nac5 Bb5 18. Rfd1 Nd7 19. Rac1 Nxc5 20. Nxc5 Bf6 21. Rb1 Rd8 {Strongly threatening ...Nd4.} 22. Ne4 Rad7 23. Nxf6+ gxf6 24. Bf3 Nd4 25. Re1 Nxf3+ 26. gxf3 h5 {The position is equal.} 27. Rbc1 Rd4 28. Be3 Rd3 29. h4 R8d5 30. Kh2 Bd7 31. Rc4 a5 32. Rg1+ {Weighted Error Value: White=0.03 (flawless) /Black=0.02 (flawless)} 1/2-1/2

[Event "New York Winter Invitational GM-A 2022"]
[Site "New York"]
[Date "2022.01.16"]
[Round "6.4"]
[White "Daggupati, Balaji"]
[Black "Shlyakhtenko, Robert"]
[Result "1-0"]
[WhiteElo "2442"]
[BlackElo "2383"]
[Annotator "TA"]
[PlyCount "47"]
[EventDate "2022.01.11"]
[EventType "tourn"]
[EventCountry "USA"]
[SourceTitle "playchess.com"]
[Source "ChessBase"]
[SourceQuality "1"]

{[%evp 22,47,0,0,0,0,0,0,0,0,14,0,39,0,73,66,68,75,1064,1050,29994,29995,29996,29997,29997,29998,29998,29999]} 1. e4 c5 2. Nf3 e6 3. d4 cxd4 4. Nxd4 a6 5. Be2 Nf6 6. Nc3 Qc7 7. O-O Bb4 8. Qd3 Nc6 9. Kh1 Nxd4 10. Qxd4 Bc5 11. Qd3 b5 12. Bg5 Bb7 {B47: Sicilian: Taimanov: 5 Nc3 Qc7 6 f4, 6 g3 and 6 Be2.} 13. f4 Bb4 {Strongly threatening ...Bxc3.} 14. Bf3 Rc8 {[%cal Rb4c3] The position is equal.} 15. Bxf6 gxf6 16. Rad1 O-O {[%cal Rb4c3]} 17. e5 {[#] Threatens to win with Bxb7.} (17. Qxd7 Bxc3 18. bxc3 Qxd7 19. Rxd7 Ba8 $11) 17... Bxf3 $146 (17... Bxc3 $11 18. Bxb7 (18. Qxc3 Qxc3 19. bxc3 Bxf3 $15) (18. bxc3 Bxf3 19. Rxf3 fxe5 $11) 18... Qxb7 19. bxc3 Kh8) ({Predecessor:} 17... Bxc3 18. Bxb7 Qxb7 19. bxc3 f5 20. Qg3+ Kh8 21. Qh4 Rg8 22. Qf6+ Rg7 23. Rf3 Rxc3 24. Qd8+ Rg8 25. Qf6+ Rg7 26. Qd8+ Rg8 27. Qf6+ Rg7 28. Qd8+ {½-½ (27) Wantiez,F (2322)-De Haan,E (2303) Belgium 2015}) 18. Rxf3 $16 f5 19. Rh3 $40 {[%mdl 128] White wants to mate with Qg3+. White has strong attack. White is more active.} ({Reject} 19. Qxd7 Bxc3 20. Rg3+ (20. Rxc3 Qxd7 21. Rxd7 Rxc3 $11) (20. bxc3 $2 Rfd8 $19) 20... Kh8 21. Rxc3 Qxd7 22. Rxd7 Rxc3 23. bxc3 Rc8 $11) 19... Qd8 $2 {[%mdl 8192] [#]} (19... f6 $16) 20. Nd5 $1 $18 {[%mdl 512] White threatens Qg3+ and mate.} exd5 (20... Be7 21. Qf3) 21. Qxf5 {[%csl Gh3][%cal Rf5h7] White mates.} Re8 22. Qxh7+ Kf8 23. Qh8+ Ke7 24. Qf6+ {White took control after the opening.  Weighted Error Value: White=0.05 (flawless) /Black=0.83} 1-0

[Event "New York Winter Invitational GM-A 2022"]
[Site "New York"]
[Date "2022.01.16"]
[Round "6.5"]
[White "Li, Eric"]
[Black "Schitco, Ivan"]
[Result "1/2-1/2"]
[WhiteElo "2341"]
[BlackElo "2486"]
[Annotator "TA"]
[PlyCount "120"]
[EventDate "2022.01.11"]
[EventType "tourn"]
[EventCountry "USA"]
[SourceTitle "playchess.com"]
[Source "ChessBase"]
[SourceQuality "1"]

{[%evp 9,120,49,43,50,59,53,49,58,51,63,56,38,65,10,43,33,59,54,57,0,0,0,0,0,-9,-53,-47,-60,-60,-52,-58,-60,0,-146,-156,-201,-210,-193,-141,-182,-175,-145,-89,-82,-71,-69,137,-16,-15,-31,-27,-62,-28,-28,0,0,0,0,0,0,0,0,0,0,14,15,15,0,0,0,0,0,0,0,0,0,0,0,0,0,0,-23,0,0,0,0,0,0,0,0,0,0,0,-4,0,0,0,0,0,0,0,0,11,11,11,11,11,0,0,0,0,0,0]} 1. d4 d5 2. c4 dxc4 3. e4 b5 4. a4 c6 5. axb5 cxb5 6. Nc3 {D20: Queen's Gambit Accepted: 3 e3 and 3 e4.} a6 {[#] 6...Qb6 gains popularity.} 7. Nxb5 $1 axb5 8. Rxa8 {White is slightly better.} Bb7 {[%csl LRa8,LRe4]} 9. Ra1 {Hoping for b3.} e6 $1 10. Ne2 Bxe4 {[#]} 11. f3 $146 (11. Nc3 $1 $14 Bc6 12. Be2) ({Predecessor:} 11. Nc3 Bc6 12. Be2 b4 13. Nb1 Bxg2 14. Rg1 Bd5 15. Nd2 c3 16. bxc3 bxc3 17. Nb1 {1-0 (34) Rodshtein,M (2698)-Alekseenko,K (2585) Sochi 2017}) 11... Bc6 12. b3 $1 Nf6 13. bxc4 bxc4 14. Qd2 (14. Qc2 $14) 14... Nd5 $11 15. Ba3 {Prevents Bb4.} Bxa3 16. Rxa3 O-O 17. Nc3 (17. Kf2 $11) 17... Qh4+ $1 $15 {[%mdl 1024] Black has compensation.} 18. g3 Qe7 19. Qc1 {[#]} Ne3 $1 20. Kf2 Ng4+ {Pair of Knights!} 21. Ke2 (21. fxg4 Bxh1 22. Ra4 Bd5 23. Bxc4 Bc6 $17) (21. Kg2 $1 $11) 21... Qd6 $17 (21... Qf6 22. Nd1 (22. Qf4 Qe7 $17)) 22. Bh3 (22. Nd1 $17) 22... f5 $19 ({Resist} 22... Qxd4 23. Bxg4 f5 24. Bh3 (24. Rd1 Qe5+ 25. Qe3 Qxe3+ 26. Kxe3 fxg4 $18) 24... Qd3+ 25. Ke1 $18) 23. Nd1 Bd5 (23... Bb7 $19 {[%cal Ob8c6]} 24. Ke1 Bd5 25. Bxg4 fxg4) 24. Ne3 (24. Nc3 $17 {keeps fighting.}) 24... Nc6 25. Rd1 {[#]} Nxh2 (25... Nxe3 $142 $1 26. Qxe3 Nb4) 26. Nxd5 $17 exd5 27. Kf2 {[#]} f4 $2 (27... Ng4+ $1 $15 {keeps the upper hand.} 28. Kg2 (28. Bxg4 fxg4) 28... Nf6) 28. g4 $2 (28. gxf4 $16 {And now Kg2 would win.} Rxf4 29. Be6+ Kh8 30. Ra8+ Nb8 31. Kg2 (31. Bxd5 Ng4+ 32. Ke2 Rf8 $14)) 28... Qh6 $11 29. Kg2 {[#]} Qh4 $1 {( -> ...Qg3+)} 30. Qd2 (30. Qb2 Nf1) 30... Qg3+ (30... Nf1 $5 31. Kxf1 (31. Qe1 $2 Qxe1 32. Rxe1 Ne3+ 33. Raxe3 fxe3 $19) 31... Qxh3+ 32. Kg1 Qg3+ 33. Qg2 Qh4 $17) 31. Kh1 Nxf3 32. Qg2 {Really sharp!} Ncxd4 {[%cal Oh7h5]} 33. Qxg3 fxg3 34. Bg2 Rf6 {...Rh6+ is the strong threat.} 35. Bxf3 Nxf3 (35... Rxf3 $2 36. Ra8+ Kf7 37. Rxd4 $18) 36. Rxd5 {[%mdl 4096] Endgame KRR-KRN} h6 37. Kg2 {[%csl LRf3,LRg3]} Ng5 38. Rxg3 Rf4 39. Rd8+ Kh7 40. Rc8 Rd4 41. Kf1 Ne4 42. Ra3 Nf6 43. g5 hxg5 44. Kg2 Nd5 45. Rc5 Kg6 46. Raa5 {The position is equal.} Rg4+ 47. Kf3 Nf6 48. Ra4 Rf4+ 49. Kg2 Ng4 50. Ra3 Nh6 51. Rf3 Rd4 52. Kg3 g4 53. Rf4 Rd3+ 54. Kg2 c3 55. Rfc4 Nf5 {Strongly threatening ...Ne3+.} 56. Rxg4+ Kf6 {Threatens to win with ...Ne3+.} 57. Rf4 g6 58. Rf3 Rd2+ 59. Rf2 Rd3 60. Rf3 Rd2+ {And White is the lucky defender.  Weighted Error Value: White=0.15 (very precise) /Black=0.16 (very precise)} 1/2-1/2

[Event "New York Winter Invitational GM-A 2022"]
[Site "New York"]
[Date "2022.01.17"]
[Round "7.1"]
[White "Schitco, Ivan"]
[Black "Nagy, Gabor"]
[Result "1/2-1/2"]
[WhiteElo "2486"]
[BlackElo "2527"]
[Annotator "TA"]
[PlyCount "85"]
[EventDate "2022.01.11"]
[EventType "tourn"]
[EventCountry "USA"]
[SourceTitle "playchess.com"]
[Source "ChessBase"]
[SourceQuality "1"]

{[%evp 19,85,1,12,0,0,0,6,6,6,0,28,0,32,35,36,44,34,18,50,35,75,11,56,49,57,38,55,11,94,102,97,85,83,87,96,96,94,90,91,23,36,31,28,35,23,24,34,39,49,39,39,32,32,32,33,0,0,0,8,0,0,0,8,0,0,0,0,0]} 1. c4 c5 2. g3 g6 3. Bg2 Bg7 4. Nc3 Nc6 5. Nf3 e5 6. d3 d6 7. a3 Nge7 8. Rb1 a5 9. O-O O-O 10. Bd2 h6 11. Qa4 {A37: Symmetrical English vs ...g6: 4 Bg2 Bg7 5 Nf3.} Be6 12. Rfc1 f5 13. Qd1 Rb8 14. Ne1 Qd7 15. Nd5 f4 16. b4 axb4 17. axb4 {[#]} cxb4 $146 ({Predecessor:} 17... fxg3 18. hxg3 cxb4 19. Nc2 b5 20. Ncxb4 Nxb4 21. Rxb4 bxc4 22. Nxe7+ Qxe7 23. Rxb8 Rxb8 24. dxc4 Kh7 25. Be3 {½-½ (26) Jacoby,G-Wirthensohn,H Stockholm 1974}) 18. Bxb4 Nf5 19. Be4 g5 20. e3 (20. Ba3 $16) 20... Kh8 (20... Nxb4 $11 {deserves consideration.} 21. Rxb4 fxe3 22. fxe3 Ne7) 21. Ng2 fxe3 22. fxe3 Nfe7 23. Qd2 (23. Nb6 $14 Qd8 24. Ba3) 23... Bg8 {[#]} (23... b5 $11 {remains equal.}) 24. Nb6 $1 $16 Qd8 {[#]} 25. Ba3 $1 Rf6 26. Qa2 {White is much more active.} Qe8 27. Rf1 Rxf1+ 28. Rxf1 Rd8 29. Qe2 (29. Ne1 $16) 29... d5 $11 30. Bxe7 Nxe7 31. Nxd5 Nxd5 32. cxd5 Qb5 (32... Bxd5 {keeps more tension.} 33. Bxd5 Rxd5 34. e4 Rd4 35. Rb1 Qa8) 33. h4 {hxg5 is the strong threat.} Bxd5 34. Bxd5 (34. hxg5 {seems wilder.} Bxe4 35. gxh6 Bf6 36. Ne1 Qa6 37. Qf2) 34... Qxd5 35. hxg5 Qxd3 36. Qxd3 Rxd3 $14 {[%mdl 4096] Endgame KRB-KRN} 37. Rf7 {And now Nh4 would win.} hxg5 {The position is equal.} 38. Rxb7 Bf8 39. Rc7 (39. Rf7 $5 {[%cal Rf7f8]} Bc5 40. Rf5 $11) 39... Bd6 40. Rc4 Rd2 41. Kh2 Kg7 42. Kh3 Kf6 43. Ne1 {Weighted Error Value: White=0.14 (very precise) /Black=0.14 (very precise)} 1/2-1/2